Classic Arcade Games by Loose Description - Statistics

General Stats
  • This quiz has been taken 270 times
  • The average score is 7 of 14
Answer Stats
Hint Answer % Correct
Yellow circle runs from ghosts and tries to get a good meal. PAC-MAN
100%
Athletic plumber climbs building to rescue damsel in distress. Donkey Kong
90%
A spaceship fights off waves of alien attackers descending from above. Space Invaders
83%
Lone amphibian faces the dangers of the city as it attempts to advance. Frogger
68%
Spaceship navigates fields of debris and fights enemy spaceships. Asteroids
56%
Young ape climbs vines and platforms to rescue father from plumber. Donkey Kong Jr.
54%
Miner burrows through the ground while crushing and inflating enemies. Dig Dug
49%
Shooter attacks segments of alien bugs until they are destroyed. Centipede
43%
Ball traverses pyramid, changing colors and speaking expletives. Q*bert
41%
Local anti-missile battery commander must defend cities from destruction. Missile Command
33%
Formula one racer must qualify for event then race against opponents. Pole Position
25%
Olympic athlete competes in various competitive events. Track & Field
25%
Spaceship protects astronauts from aliens abducting them from above. Defender
17%
Survivor fights off waves of revolting robots while trying to rescue others. Robotron: 2084
10%
No matching quizzes found
Score Distribution
Percent of People with Each Score
Percentile by Number Answered
Your Score History
You have not taken this quiz